000 00396nam a2200181Ia 4500
005 20250603145842.0
008 250603s9999 xx 000 0 und d
020 _a078552149518
050 _aPR 9687 .B76/
100 _aBrown, Dan
245 4 _aThe da vinci code
260 _aBritain
260 _bBantam Press
260 _c2004
300 _a604 p
650 _aBritain
942 _cBK
999 _c43047
_d43047